Formule 1 - Pilotes français - Statistiques

Statistiques générales
  • Ce quiz a été pris 21 fois
  • Le résultat moyen est 12 sur 76
Statistiques - réponses
Par images Réponse % Correct
Alain Prost
100%
Esteban Ocon
100%
Pierre Gasly
100%
Isack Hadjar
95%
Romain Grosjean
95%
Jules Bianchi
76%
Jean Alesi
71%
Jean-Éric Vergne
57%
Sébastien Bourdais
52%
Franck Montagny
29%
Henri Pescarolo
29%
Olivier Panis
29%
Charles Pic
24%
Didier Pironi
24%
François Cevert
24%
Jacques Laffite
24%
René Arnoux
24%
Jean-Pierre Jabouille
19%
Maurice Trintignant
19%
Paul Belmondo
19%
Éric Bernard
14%
Guy Ligier
14%
Jean-Louis Schlesser
14%
Patrick Tambay
14%
Philippe Alliot
14%
Philippe Streiff
14%
Stéphane Sarrazin
14%
Bertrand Gachot
10%
Érik Comas
10%
Jean-Marc Gounon
10%
Jean-Pierre Jarier
10%
Patrick Depailler
10%
Yannick Dalmas
10%
Franck Lagorce
5%
Gérard Larrousse
5%
Jean Behra
5%
Jean-Christophe Boullion
5%
Jean-Pierre Beltoise
5%
Johnny Servoz-Gavin
5%
Jo Schlesser
5%
Michel Leclère
5%
Olivier Grouillard
5%
Pierre Levegh
5%
Aldo Gordini
0%
André Guelfi
0%
André Simon
0%
Bernard Collomb
0%
Charles Pozzi
0%
Élie Bayol
0%
Eugène Chaboud
0%
Eugène Martin
0%
François Hesnault
0%
François Mazet
0%
François Migault
0%
François Picard
0%
Georges Grignard
0%
Guy Mairesse
0%
Henri Louveau
0%
Jacques Pollet
0%
Jean-Louis Lafosse
0%
Jean Lucas
0%
Jean Lucien Bonnet
0%
José Dolhem
0%
Louis Rosier
0%
Marcel Balsa
0%
Max Jean
0%
Mike Sparken
0%
Pascal Fabre
0%
Patrick Gaillard
0%
Philippe Étancelin
0%
Pierre-Henri Raphanel
0%
Raymond Sommer
0%
Robert La Caze
0%
Robert Manzon
0%
Roger Loyer
0%
Yves Giraud-Cabantous
0%
Aucun quiz correspondant
Distribution des résultats
% des personnes avec chaque résultat
Percentile par nombre de réponses
Votre historique - résultats
Vous n’avez pas pris ce quiz